| 000 | 00796nam a22001817a 4500 | ||
|---|---|---|---|
| 003 | OSt | ||
| 005 | 20251208083833.0 | ||
| 008 | 251206b |||||||| |||| 00| 0 eng d | ||
| 040 | _cDCL | ||
| 082 | _a၄၉၁.၃၇၅ | ||
| 100 | 0 |
_aဇနကာဘိဝံသ၊ _cအရှင်။ |
|
| 245 | 1 |
_aကစ္စည်းဘာသာဋီကာ၊ _nဒုတိယအုပ် / _cအရှင်ဇနကာဘိဝံသ။ |
|
| 250 | _aပဥ္စမအကြိမ်။ | ||
| 260 |
_aအမရပူရ ၊ _bမဟာဂန္ဓာရုံစာပေ၊ _c၂၀၀၄။ |
||
| 300 |
_aဈ၊ ၆၁၅ စာမျက်နှာ ၊ _c၂၄ စင်တီ။ |
||
| 650 |
_aပါဠိဘာသာစကား _xသဒ္ဒါ |
||
| 942 |
_2ddc _cSHORT TERM _n0 |
||
| 999 |
_c2664 _d2664 |
||